Southville International School and Colleges
Your cart is empty.
  • Cart
  • Lists
    Public lists Eva Luna New books Lux_list list_1
    Your lists Log in to create your own lists
  • Log in to your account
  • Your cookies
  • Search history
Southville International School and Colleges
  • Advanced search
  • Recent comments
  • Most popular
  • Libraries

Log in to your account

Log in with GOOGLE


If you do not have an external account, but do have a local account, you can still log in:

  1. Home
  2. MARC view: Living Miracles /
Normal view MARC view ISBD view

Living Miracles / (Record no. 8811)

[ view plain ]
MARC details
000 -LEADER
fixed length control field 00601nam a22002057a 4500
003 - CONTROL NUMBER IDENTIFIER
control field OSt
005 - DATE AND TIME OF LATEST TRANSACTION
control field 20140310182042.0
008 - FIXED-LENGTH DATA ELEMENTS--GENERAL INFORMATION
fixed length control field 130816t xxu||||| |||| 00| 0 eng d
020 ## - INTERNATIONAL STANDARD BOOK NUMBER
International Standard Book Number 0871621517
050 ## - LIBRARY OF CONGRESS CALL NUMBER
Classification number BR 1336
Item number .L334 1973
082 ## - DEWEY DECIMAL CLASSIFICATION NUMBER
Classification number HS 248.2092
Item number .L32 1973
100 ## - MAIN ENTRY--PERSONAL NAME
Personal name Larson,Muriel
9 (RLIN) 11298
245 ## - TITLE STATEMENT
Title Living Miracles /
Statement of responsibility, etc Muriel Larson.
260 ## - PUBLICATION, DISTRIBUTION, ETC. (IMPRINT)
Place of publication, distribution, etc U.S.A :
Name of publisher, distributor, etc Pyramid Publications,Warner Press,Inc,
Date of publication, distribution, etc c1973.
300 ## - PHYSICAL DESCRIPTION
Extent 90 p. ;
Dimensions 18 cm.
541 ## - IMMEDIATE SOURCE OF ACQUISITION NOTE
-- 1
650 ## - SUBJECT ADDED ENTRY--TOPICAL TERM
Topical term or geographic name as entry element Christian biographies.
9 (RLIN) 11299
650 ## - SUBJECT ADDED ENTRY--TOPICAL TERM
Topical term or geographic name as entry element Miracles (inspirational stories)
9 (RLIN) 11300
942 ## - ADDED ENTRY ELEMENTS (KOHA)
Source of classification or shelving scheme Library of Congress Classification
Koha item type
Holdings
Withdrawn status Lost status Source of classification or shelving scheme Damaged status Home library Current library Shelving location Date acquired Total Checkouts Full call number Barcode Date last seen Copy number Price effective from Koha item type
    Library of Congress Classification   Luxembourg Library Luxembourg Library High School Section 08/16/2013   BR 1336 .L334 1973 11529 09/02/2015 1 08/16/2013 Books

Living Miracles /

APA

Larson M., . (1973). Living Miracles. U.S.A: Pyramid Publications,Warner Press,Inc.

Chicago

Larson Muriel, . 1973. Living Miracles. U.S.A: Pyramid Publications,Warner Press,Inc.

Harvard

Larson M., . (1973). Living Miracles. U.S.A: Pyramid Publications,Warner Press,Inc.

MLA

Larson Muriel, . Living Miracles. U.S.A: Pyramid Publications,Warner Press,Inc. 1973.

  • Place hold
  • Print
  • Cite
  • Add to your cart (remove)
  • Save record
    BIBTEX Dublin Core MARCXML MARC (non-Unicode/MARC-8) MARC (Unicode/UTF-8) MARC (Unicode/UTF-8, Standard) MODS (XML) RIS
  • More searches
    Search for this title in:
    Other Libraries (WorldCat) Other Databases (Google Scholar) Online Stores (Bookfinder.com) Open Library (openlibrary.org)

Exporting to Dublin Core...

SOUTHVILLE LIBRARY

Southville International School and Colleges Library

1281 Tropical Ave. Cor. Luxembourg St., BF Homes International, Las Pinas City

Tel. No. 8256374 / 252358 Loc. 117/146

Powered by Koha